All 50k+ Cities in North America with a Map - Statistics

General Stats
  • This quiz has been taken 2,165 times
  • The average score is 246 of 1374
Answers on the Map
Answers color-coded by a green-red scale on the quiz's map according to % correct below.
 
Answer Stats
Country Population City % Correct
Canada 2,965,713 Toronto
87%
United States 8,323,340 New York City
86%
Canada 685,885 Vancouver
86%
United States 186,516 Vancouver
86%
United States 4,015,940 Los Angeles
84%
United States 486,388 Miami
82%
United States 783,137 Seattle
82%
United States 2,694,240 Chicago
81%
United States 2,340,890 Houston
81%
Canada 1,806,022 Montreal
81%
United States 710,195 Boston
80%
United States 1,382,270 Dallas
80%
Mexico 8,421,000 Mexico City
80%
Canada 1,028,514 Ottawa
80%
United States 896,047 San Francisco
80%
Costa Rica 55,923 San Francisco
80%
United States 667,272 Detroit
79%
United States 96,943 Sandy
79%
United States 1,033,670 San Jose
79%
Costa Rica 335,007 San José
79%
Cuba 2,130,081 Havana
78%
United States 664,103 Portland
78%
United States 66,067 Portland
78%
United States 720,687 Washington, D.C.
78%
United States 734,134 Denver
77%
Canada 1,025,096 Edmonton
77%
United States 160,080 Jackson
77%
United States 66,989 Jackson
77%
United States 988,218 Austin
76%
Canada 1,335,145 Calgary
76%
United States 662,000 Las Vegas
76%
United States 1,591,800 Philadelphia
76%
United States 390,128 New Orleans
75%
United States 1,703,080 Phoenix
75%
United States 523,738 Atlanta
74%
United States 926,371 Jacksonville
74%
United States 72,926 Jacksonville
74%
United States 291,739 Orlando
74%
Panama 430,299 Panama City
74%
United States 1,447,100 San Diego
74%
Mexico 69,000 San Francisco del Rincón
74%
Dominican Republic 132,725 San Francisco de Macorís
74%
United States 285,634 Anchorage
73%
Bahamas 274,400 Nassau
73%
Canada 546,424 Quebec City
73%
United States 213,367 Salt Lake City
73%
United States 413,704 Tampa
73%
Jamaica 584,627 Kingston
72%
Canada 135,204 Kingston
72%
United States 437,069 Minneapolis
72%
United States 875,929 Indianapolis
71%
United States 521,769 Sacramento
71%
United States 1,578,030 San Antonio
71%
United States 905,318 Charlotte
70%
United States 685,575 El Paso
70%
United States 505,198 Kansas City
70%
United States 153,600 Kansas City
70%
United States 655,407 Oklahoma City
70%
United States 922,223 Columbus
69%
United States 189,296 Columbus
69%
United States 673,167 Nashville
69%
United States 590,479 Baltimore
68%
United States 379,233 Cleveland
68%
United States 585,589 Milwaukee
68%
United States 74,769 Pittsburg
68%
United States 293,792 St. Louis
68%
United States 255,244 Buffalo
67%
Guatemala 923,392 Guatemala City
67%
United States 647,374 Memphis
67%
Haiti 897,859 Port-au-Prince
67%
United States 561,188 Albuquerque
66%
Mexico 68,300 San Pablo del Monte
66%
United States 58,756 Spring
66%
United States 311,895 St. Paul
66%
Canada 763,922 Winnipeg
66%
United States 306,487 Cincinnati
65%
United States 932,116 Fort Worth
65%
United States 232,055 Richmond
65%
Canada 212,276 Richmond
65%
United States 110,414 Richmond
65%
United States 169,552 Springfield
64%
United States 155,472 Springfield
64%
United States 112,990 Springfield
64%
United States 64,717 Springfield
64%
United States 59,908 Springfield
64%
United States 96,853 Albany
63%
United States 73,799 Albany
63%
United States 56,037 Albany
63%
United States 234,576 Boise
63%
El Salvador 316,090 San Salvador
63%
Mexico 65,700 San Salvador Tizatlalli
63%
Dominican Republic 2,581,827 Santo Domingo
63%
Mexico 1,445,100 Tijuana
63%
United States 216,701 Baton Rouge
62%
United States 624,890 Louisville
62%
United States 481,958 Raleigh
62%
United States 251,762 Winston-Salem
62%
Mexico 1,539,900 Guadalajara
61%
Canada 440,051 Halifax
61%
Mexico 1,228,000 Monterrey
61%
United States 199,205 Tallahassee
61%
United States 553,871 Tucson
61%
United States 138,458 Charleston
60%
United States 331,165 San Juan
60%
Dominican Republic 71,494 San Juan de la Maguana
60%
Mexico 159,400 San Juan del Río
60%
United States 208,940 Birmingham
59%
Canada 70,817 Saint John
59%
United States 179,944 Salem
59%
United States 85,502 Santa Fe
59%
Canada 111,038 St. John's
59%
Mexico 827,500 Cancún
58%
Mexico 346,900 Ciudad Victoria
58%
United States 485,946 Colorado Springs
58%
Canada 94,005 Victoria
58%
United States 66,347 Victoria
58%
United States 264,030 Madison
57%
United States 52,544 Madison
57%
United States 178,901 Providence
57%
United States 260,258 Reno
57%
United States 538,195 Fresno
56%
United States 293,905 Lincoln
56%
Canada 426,139 London
56%
United States 282,862 Newark
56%
United States 51,242 Newark
56%
United States 51,111 Newark
56%
United States 133,031 Columbia
55%
United States 125,976 Columbia
55%
United States 103,663 Columbia
55%
Nicaragua 1,041,145 Managua
55%
United States 435,224 Oakland
55%
United States 470,702 Omaha
55%
United States 396,543 Tulsa
55%
United States 447,841 Virginia Beach
55%
United States 217,891 Des Moines
54%
United States 197,371 Little Rock
54%
United States 203,792 Rochester
54%
United States 119,917 Rochester
54%
Honduras 1,079,400 Tegucigalpa
53%
United States 197,282 Montgomery
52%
United States 388,771 Wichita
52%
United States 121,033 Hartford
51%
United States 186,804 Mobile
51%
Canada 237,011 Regina
51%
United States 145,754 Savannah
51%
United States 223,266 Spokane
51%
United States 270,651 Toledo
51%
United States 64,165 Cheyenne
50%
Canada 275,242 Saskatoon
50%
United States 57,167 St. Peters
50%
United States 74,162 Bismarck
49%
United States 325,406 Corpus Christi
49%
United States 129,530 Fargo
49%
United States 205,289 Grand Rapids
49%
United States 271,099 Jersey City
49%
United States 54,427 Olympia
49%
United States 190,519 Sioux Falls
49%
United States 196,303 Augusta
48%
Belize 64,287 Belize City
48%
United States 91,147 Carson
48%
United States 105,413 Green Bay
48%
Canada 574,263 Hamilton
48%
United States 61,956 Hamilton
48%
United States 120,921 Lansing
48%
United States 140,987 Syracuse
48%
United States 402,762 Arlington
47%
United States 231,803 Arlington
47%
United States 109,868 Billings
47%
Canada 95,570 Niagara Falls
47%
United States 352,911 Anaheim
46%
United States 390,233 Bakersfield
46%
United States 139,756 Dayton
46%
United States 184,599 Fort Lauderdale
46%
United States 328,690 Lexington
46%
United States 463,218 Long Beach
46%
United States 92,828 St. George
46%
United States 125,092 Topeka
46%
United States 113,441 Manchester
45%
United States 527,666 Mesa
45%
United States 271,842 St. Petersburg
45%
United States 198,148 Akron
44%
United States 382,742 Aurora
44%
United States 198,870 Aurora
44%
Canada 62,400 Aurora
44%
United States 94,619 Erie
44%
United States 299,946 Greensboro
44%
United States 191,060 Knoxville
44%
United States 222,603 Tacoma
44%
United States 84,386 Trenton
44%
United States 202,028 Amarillo
43%
Mexico 1,460,200 Ciudad Juárez
43%
United States 178,329 Eugene
43%
United States 130,850 New Haven
43%
United States 242,234 Norfolk
43%
Canada 69,027 Norfolk County
43%
United States 330,389 Santa Ana
43%
El Salvador 204,340 Santa Ana
43%
United States 91,340 Santa Barbara
43%
United States 85,728 Duluth
42%
Mexico 222,800 Juárez
42%
United States 282,737 Durham
41%
United States 270,989 Fort Wayne
41%
United States 118,592 Provo
41%
United States 217,671 San Bernardino
41%
United States 126,669 Wilmington
41%
United States 70,139 Wilmington
41%
United States 106,567 Boulder
40%
Haiti 249,541 Cap-Haïtien
40%
United States 336,285 Riverside
40%
United States 130,664 Concord
39%
United States 98,842 Concord
39%
United States 260,823 Lubbock
39%
Mexico 757,200 Mexicali
39%
United States 253,923 North Las Vegas
39%
United States 294,860 Pittsburgh
39%
Cuba 433,099 Santiago de Cuba
39%
Dominican Republic 550,753 Santiago de los Caballeros
39%
Panama 51,236 Santiago de Veraguas
39%
Mexico 71,900 Valle de Santiago
39%
United States 123,062 Ann Arbor
38%
United States 184,143 Chattanooga
38%
Mexico 932,600 Chihuahua
38%
United States 73,966 Gary
38%
United States 124,561 Lafayette
38%
United States 72,668 Lafayette
38%
United States 129,770 Athens
37%
Canada 139,996 Cambridge
37%
United States 121,783 Cambridge
37%
United States 56,336 Carson City
37%
United States 264,703 Laredo
37%
Mexico 1,544,500 Puebla
37%
United States 183,819 Shreveport
37%
United States 316,996 Stockton
37%
Canada 112,740 Thunder Bay
37%
United States 144,015 Waco
37%
Canada 234,048 Windsor
37%
United States 106,183 Allen
36%
United States 183,748 Brownsville
36%
United States 205,646 Fayetteville
36%
United States 90,757 Fayetteville
36%
United States 94,867 Flint
36%
United States 330,084 Henderson
36%
United States 199,021 Yonkers
36%
United States 202,910 Huntsville
35%
United States 151,891 Pasadena
35%
United States 141,695 Pasadena
35%
Canada 74,989 Sault Ste. Marie
35%
United States 77,218 Scranton
35%
United States 165,748 Alexandria
34%
United States 75,752 Flagstaff
34%
United States 50,849 Galveston
34%
United States 158,239 Hollywood
34%
United States 303,956 Irvine
34%
United States 144,279 McAllen
34%
Canada 769,050 Mississauga
34%
United States 138,816 Orange
34%
Mexico 50,400 San Luis de la Paz
34%
Cuba 216,056 Santa Clara
34%
United States 129,972 Santa Clara
34%
United States 90,555 Santa Monica
34%
United States 186,433 Worcester
34%
Dominican Republic 78,995 Barahona
33%
United States 135,502 Cedar Rapids
33%
United States 254,500 Glendale
33%
United States 204,765 Glendale
33%
United States 65,541 Santa Cruz
33%
Mexico 720,400 Acapulco
32%
United States 143,010 Bridgeport
32%
United States 70,902 Daytona Beach
32%
Mexico 1,288,600 León
32%
Nicaragua 172,148 León
32%
Mexico 872,300 Mérida
32%
Mexico 75,100 San Bernardino Tlaxcalanzingo
32%
Mexico 109,400 San José del Cabo
32%
United States 262,222 Scottsdale
32%
United States 81,382 Sioux City
32%
United States 122,623 Allentown
31%
Mexico 86,800 Cabo San Lucas
31%
United States 180,219 Peoria
31%
United States 108,194 Peoria
31%
United States 122,667 Berkeley
30%
United States 172,862 Fort Collins
30%
United States 95,183 Greenville
30%
United States 71,171 Greenville
30%
United States 152,519 Macon
30%
United States 177,064 Newport News
30%
United States 88,061 Ogden
30%
United States 52,411 Pensacola
30%
United States 288,539 Plano
30%
United States 105,418 Bend
29%
Canada 190,194 Burlington
29%
United States 55,720 Burlington
29%
United States 248,106 Chesapeake
29%
United States 88,732 Fort Myers
29%
United States 158,627 Lancaster
29%
United States 59,392 Lancaster
29%
United States 104,148 Las Cruces
29%
United States 77,058 Missoula
29%
United States 113,662 Pueblo
29%
Mexico 56,100 San Pedro
29%
Dominican Republic 185,255 San Pedro de Macorís
29%
Mexico 136,800 San Pedro Garza García
29%
United States 210,543 Santa Clarita
29%
United States 102,028 South Bend
29%
United States 199,503 Cape Coral
28%
Canada 105,666 Chatham-Kent
28%
United States 277,289 Chula Vista
28%
United States 134,945 Gainesville
28%
Mexico 262,100 Oaxaca
28%
United States 108,366 Santa Maria
28%
Mexico 556,600 Veracruz
28%
United States 93,758 Asheville
27%
United States 201,941 Huntington Beach
27%
United States 243,738 Irving
27%
United States 119,738 Odessa
27%
United States 186,653 Ontario
27%
United States 103,369 Tuscaloosa
27%
United States 100,198 Yuma
27%
United States 52,034 Bozeman
26%
United States 55,293 Casper
26%
United States 101,965 Davenport
26%
United States 129,147 Elizabeth
26%
United States 63,543 Idaho Falls
26%
United States 218,758 Modesto
26%
United States 145,020 Rockford
26%
United States 177,132 Santa Rosa
26%
Honduras 56,500 Santa Rosa de Copán
26%
United States 194,218 Tempe
26%
United States 59,672 Utica
26%
United States 114,508 West Palm Beach
26%
United States 154,647 Bellevue
25%
United States 53,945 Bellevue
25%
United States 268,675 Chandler
25%
United States 78,440 Iowa City
25%
United States 76,497 Kalamazoo
25%
United States 131,730 Kent
25%
United States 91,756 Miami Beach
25%
United States 145,012 Midland
25%
United States 92,562 Redding
25%
United States 99,648 Roanoke
25%
United States 59,218 Sarasota
25%
Canada 63,326 Fredericton
24%
United States 239,525 Fremont
24%
United States 81,322 Georgetown
24%
Cuba 216,609 Guantánamo
24%
United States 148,227 Joliet
24%
United States 101,124 Kenosha
24%
Canada 263,790 Kitchener
24%
United States 149,196 Naperville
24%
United States 212,715 Oxnard
24%
United States 81,014 Plymouth
24%
United States 206,410 Port St. Lucie
24%
United States 77,525 Rapid City
24%
United States 131,593 Stamford
24%
Canada 584,526 Surrey
24%
United States 105,156 Wichita Falls
24%
United States 123,707 Abilene
23%
United States 85,981 Bloomington
23%
United States 85,818 Bloomington
23%
United States 77,566 Bloomington
23%
United States 116,709 Evansville
23%
United States 258,935 Gilbert
23%
United States 132,999 Hampton
23%
United States 85,166 Melbourne
23%
United States 93,830 Portsmouth
23%
Canada 138,200 Trois-Rivières
23%
United States 118,742 Beaumont
22%
United States 52,623 Beaumont
22%
Canada 696,975 Brampton
22%
United States 121,526 College Station
22%
United States 113,836 Everett
22%
United States 65,110 Grand Junction
22%
Canada 168,813 Greater Sudbury
22%
United States 72,670 Gulfport
22%
United States 243,208 Hialeah
22%
Canada 142,146 Kelowna
22%
United States 126,377 Norman
22%
United States 196,636 Overland Park
22%
Canada 106,024 Red Deer
22%
United States 94,090 Yakima
22%
United States 65,422 Youngstown
22%
United States 87,135 Auburn
21%
United States 68,138 Auburn
21%
United States 94,867 Bellingham
21%
United States 103,865 Burbank
21%
United States 119,116 Clearwater
21%
United States 52,917 Coeur d'Alene
21%
United States 69,506 Eau Claire
21%
United States 57,060 Grand Forks
21%
Canada 100,046 Kamloops
21%
United States 114,264 Lakeland
21%
United States 99,496 Lawrence
21%
United States 80,760 Lawrence
21%
United States 54,749 Manhattan
21%
Canada 77,623 Moncton
21%
United States 78,373 Napa
21%
United States 88,521 Reading
21%
United States 107,441 Tyler
21%
Canada 119,869 Waterloo
21%
United States 67,228 Waterloo
21%
United States 73,811 Camden
20%
United States 164,496 Clarksville
20%
United States 93,587 Dearborn
20%
United States 74,346 Frederick
20%
United States 215,060 Frisco
20%
Canada 287,868 Gatineau
20%
United States 58,627 Great Falls
20%
United States 158,660 Lakewood
20%
United States 79,368 Lakewood
20%
United States 61,676 Lakewood
20%
United States 55,532 Lakewood
20%
Canada 438,973 Laval
20%
United States 112,626 Lowell
20%
Jamaica 110,115 Montego Bay
20%
Canada 168,518 Sherbrooke
20%
Mexico 805,200 Aguascalientes
19%
United States 74,832 Appleton
19%
United States 102,800 Boca Raton
19%
United States 71,623 Bowling Green
19%
United States 59,674 Bristol
19%
United States 69,546 Canton
19%
United States 142,173 Denton
19%
United States 88,373 Fort Smith
19%
United States 246,627 Garland
19%
Mexico 829,000 Hermosillo
19%
Haiti 137,952 Les Cayes
19%
United States 84,397 Medford
19%
United States 57,633 Medford
19%
Canada 65,441 Medicine Hat
19%
United States 151,066 Murfreesboro
19%
United States 101,410 Nampa
19%
United States 90,080 Nashua
19%
United States 176,950 Oceanside
19%
United States 66,292 Palo Alto
19%
United States 145,871 Paterson
19%
United States 94,948 Quincy
19%
United States 155,619 Salinas
19%
Honduras 661,190 San Pedro Sula
19%
United States 103,701 Spokane Valley
19%
United States 68,505 St. Cloud
19%
United States 60,201 St. Cloud
19%
Canada 158,457 Abbotsford
18%
United States 113,279 Brandon
18%
Canada 52,983 Brandon
18%
United States 110,135 Broken Arrow
18%
United States 175,102 Cary
18%
United States 89,149 Champaign
18%
United States 97,962 Chico
18%
Mexico 599,900 Durango City
18%
United States 72,836 Evanston
18%
United States 116,715 Independence
18%
Mexico 266,500 La Paz
18%
Mexico 89,100 Los Reyes Acaquilpan
18%
Canada 175,220 Oshawa
18%
United States 57,166 Pocatello
18%
Canada 81,345 Prince George
18%
Mexico 793,300 San Luis Potosí
18%
Mexico 535,600 Toluca
18%
El Salvador 91,212 Colón
17%
United States 70,827 Davis
17%
United States 88,004 Franklin
17%
United States 198,442 Grand Prairie
17%
United States 153,973 Killeen
17%
United States 80,169 Lake Charles
17%
United States 208,487 McKinney
17%
United States 115,550 Meridian
17%
Canada 99,856 Nanaimo
17%
United States 115,383 North Charleston
17%
United States 66,831 Oshkosh
17%
United States 77,536 Racine
17%
United States 127,228 Thousand Oaks
17%
United States 84,470 Troy
17%
United States 134,375 Warren
17%
United States 67,962 Ames
16%
Canada 149,302 Barrie
16%
United States 118,313 Carlsbad
16%
United States 95,964 Carmel
16%
United States 65,801 Dublin
16%
United States 52,465 Dublin
16%
United States 104,189 Edinburg
16%
United States 53,445 Hoboken
16%
United States 108,695 Inglewood
16%
United States 77,439 Kissimmee
16%
United States 95,155 New Bedford
16%
United States 156,299 Palmdale
16%
United States 233,689 Paradise
16%
United States 104,983 San Mateo
16%
El Salvador 158,136 San Miguel
16%
Mexico 73,400 San Miguel de Allende
16%
United States 66,107 Schenectady
16%
United States 93,091 Suffolk
16%
United States 118,702 Sugar Land
16%
United States 51,770 Twin Falls
16%
United States 111,566 Ventura
16%
United States 135,715 West Valley City
16%
United States 59,606 Chapel Hill
15%
United States 69,974 Decatur
15%
United States 53,602 Decatur
15%
United States 57,901 Dubuque
15%
United States 51,257 Joplin
15%
Canada 100,323 Lethbridge
15%
United States 52,539 Logan
15%
United States 84,180 Lynchburg
15%
United States 141,926 Mesquite
15%
Mexico 249,400 Nogales
15%
United States 142,841 Olathe
15%
Mexico 234,200 Puerto Vallarta
15%
United States 180,031 Rancho Cucamonga
15%
United States 94,872 Roswell
15%
United States 134,255 Round Rock
15%
United States 98,237 San Marcos
15%
United States 66,583 San Marcos
15%
El Salvador 63,209 San Marcos
15%
United States 108,334 Sparks
15%
United States 75,399 St. Joseph
15%
United States 142,049 Surprise
15%
United States 117,426 West Jordan
15%
United States 99,102 Beaverton
14%
Canada 253,007 Burnaby
14%
Cuba 306,183 Camagüey
14%
United States 171,213 Corona
14%
United States 111,476 Greeley
14%
Canada 143,169 Guelph
14%
United States 112,489 Hillsboro
14%
United States 96,032 Lynn
14%
United States 113,821 Miami Gardens
14%
United States 85,621 Mission
14%
United States 77,912 New Rochelle
14%
United States 104,356 Norwalk
14%
United States 88,871 Norwalk
14%
Mexico 418,000 Nuevo Laredo
14%
United States 61,719 Ocala
14%
United States 99,045 Orem
14%
United States 152,405 Pomona
14%
Canada 146,797 Saguenay
14%
United States 100,257 San Angelo
14%
United States 143,912 Torrance
14%
United States 137,272 Visalia
14%
United States 80,487 Warwick
14%
United States 107,701 Waterbury
14%
United States 58,823 White Plains
14%
Netherlands 136,660 Willemstad
14%
United States 55,539 Bentonville
13%
Mexico 253,100 Campeche
13%
United States 61,027 Corvallis
13%
United States 106,598 Daly City
13%
United States 84,100 Danbury
13%
Panama 81,957 David
13%
United States 111,401 Elgin
13%
United States 218,573 Fontana
13%
United States 138,200 Fullerton
13%
United States 66,936 Johnson City
13%
United States 79,192 Jonesboro
13%
United States 51,367 La Crosse
13%
United States 56,254 Lake Havasu City
13%
Mexico 509,800 Matamoros
13%
Mexico 57,700 Matamoros
13%
United States 212,992 Moreno Valley
13%
United States 66,955 Mount Vernon
13%
United States 89,406 Newton
13%
United States 177,058 Pembroke Pines
13%
Mexico 647,600 Querétaro
13%
United States 103,091 Renton
13%
United States 101,475 Rio Rancho
13%
Canada 74,779 Sarnia
13%
Canada 141,294 St. Catharines
13%
United States 152,427 Sunnyvale
13%
United States 61,075 Terre Haute
13%
Mexico 691,900 Torreón
13%
Canada 325,678 Vaughan
13%
United States 72,811 Waukesha
13%
United States 113,919 Westminster
13%
United States 90,256 Westminster
13%
United States 123,036 Arvada
12%
United States 76,370 Bethlehem
12%
United States 112,151 Centennial
12%
United States 177,406 Elk Grove
12%
United States 152,245 Escondido
12%
United States 119,568 Fairfield
12%
United States 89,633 Fall River
12%
United States 97,316 Federal Way
12%
United States 51,440 Grand Island
12%
United States 60,754 Marietta
12%
United States 83,964 Merced
12%
Mexico 162,100 Miramar
12%
United States 143,219 Miramar
12%
United States 68,083 Muncie
12%
Canada 147,088 North Vancouver
12%
United States 129,147 Pearland
12%
Canada 86,469 Peterborough
12%
Mexico 699,100 Reynosa
12%
United States 126,191 Simi Valley
12%
United States 117,852 Temecula
12%
United States 56,836 Valdosta
12%
United States 123,073 Vallejo
12%
United States 122,870 Victorville
12%
United States 54,939 Anderson
11%
United States 112,225 Antioch
11%
United States 51,003 Battle Creek
11%
United States 62,448 Bethesda
11%
United States 141,493 Carrollton
11%
United States 137,007 Coral Springs
11%
Mexico 795,000 Culiacán
11%
France 80,041 Fort-de-France
11%
United States 87,897 Goodyear
11%
United States 109,216 Gresham
11%
Mexico 722,400 Guadalupe
11%
Mexico 151,100 Guadalupe
11%
United States 161,314 Hayward
11%
United States 112,900 High Point
11%
United States 67,130 Jupiter
11%
United States 86,101 Kennewick
11%
Canada 343,698 Markham
11%
Mexico 431,300 Mazatlán
11%
United States 94,932 Mount Pleasant
11%
United States 95,782 New Braunfels
11%
United States 55,960 New Brunswick
11%
United States 83,784 Newport Beach
11%
Canada 212,551 Oakville
11%
United States 60,323 Owensboro
11%
United States 118,076 Palm Bay
11%
United States 71,581 Pawtucket
11%
United States 113,908 Pompano Beach
11%
United States 54,766 Port Arthur
11%
United States 71,838 Redmond
11%
United States 143,921 Roseville
11%
Mexico 811,500 Saltillo
11%
United States 72,750 St. Charles
11%
United States 133,370 Sterling Heights
11%
United States 143,890 Thornton
11%
United States 85,720 Waukegan
11%
United States 78,096 Alameda
10%
Canada 54,633 Belleville
10%
United States 60,888 Bradenton
10%
United States 96,313 Brockton
10%
Canada 94,534 Chilliwack
10%
United States 95,865 Chino
10%
United States 79,943 Cicero
10%
United States 118,014 Clovis
10%
Mexico 159,200 Colima
10%
Canada 149,894 Coquitlam
10%
Mexico 141,800 Córdoba
10%
Mexico 96,500 Cozumel
10%
United States 80,966 Cranston
10%
United States 93,849 Edmond
10%
United States 170,328 Garden Grove
10%
United States 85,740 Hoover
10%
United States 65,149 Janesville
10%
United States 92,543 Lawton
10%
United States 100,683 Lee's Summit
10%
Canada 249,997 Longueuil
10%
United States 81,015 Longview
10%
Canada 53,816 North Bay
10%
United States 65,591 North Little Rock
10%
United States 77,755 Parma
10%
Mexico 221,200 Playa del Carmen
10%
United States 116,796 Ponce
10%
United States 59,570 Pontiac
10%
United States 60,475 Richland
10%
United States 82,076 Somerville
10%
United States 96,618 Sunrise
10%
Haiti 118,477 Tabarre
10%
Mexico 317,100 Tampico
10%
United States 79,110 Temple
10%
United States 103,336 Vacaville
10%
Mexico 138,200 Zacatecas
10%
United States 66,847 Alpharetta
9%
United States 74,724 Apple Valley
9%
United States 55,059 Apple Valley
9%
United States 87,423 Bryan
9%
United States 82,186 Buckeye
9%
United States 67,828 Conway
9%
United States 51,503 Coral Gables
9%
United States 62,289 Council Bluffs
9%
United States 59,502 Cupertino
9%
United States 110,320 Davie
9%
Canada 109,490 Delta
9%
United States 94,495 Deltona
9%
United States 68,259 Dothan
9%
Mexico 1,837,700 Ecatepec de Morelos
9%
United States 103,113 El Cajon
9%
Mexico 301,900 Ensenada
9%
United States 96,992 Fishers
9%
United States 90,844 Germantown
9%
Nicaragua 102,872 Granada
9%
Canada 69,626 Grande Prairie
9%
United States 74,423 Hammond
9%
United States 54,445 Harrisonburg
9%
United States 55,241 Hempstead
9%
Cuba 294,002 Holguín
9%
United States 72,717 Homestead
9%
United States 93,738 Indio
9%
Canada 158,642 Langley
9%
United States 111,752 League City
9%
Canada 147,673 Lévis
9%
United States 109,270 Lewisville
9%
United States 99,381 Longmont
9%
Canada 129,334 Milton
9%
United States 94,000 Mission Viejo
9%
United States 63,117 Moore
9%
Mexico 601,000 Morelia
9%
United States 84,067 Mountain View
9%
United States 118,005 Murrieta
9%
United States 62,878 North Miami
9%
United States 88,314 Redwood City
9%
United States 127,257 Richardson
9%
Canada 203,996 Richmond Hill
9%
United States 70,088 Rockville
9%
Dominican Republic 138,455 San Cristóbal
9%
Mexico 181,500 San Cristóbal de las Casas
9%
United States 110,779 Sandy Springs
9%
United States 58,428 San Rafael
9%
United States 79,750 Silver Spring
9%
United States 83,249 Springdale
9%
United States 50,941 Stillwater
9%
United States 60,768 Taylor
9%
United States 73,949 Union City
9%
United States 68,718 Union City
9%
United States 105,327 West Covina
9%
Canada 74,591 Airdrie
8%
Canada 129,490 Ajax
8%
Canada 104,902 Brantford
8%
Canada 96,423 Cape Breton
8%
Cuba 150,404 Cienfuegos
8%
United States 115,081 Costa Mesa
8%
Mexico 357,800 Cuernavaca
8%
United States 111,329 Downey
8%
Canada 78,376 Drummondville
8%
United States 52,223 Elkhart
8%
United States 115,508 El Monte
8%
United States 69,079 Gaithersburg
8%
United States 79,784 Gastonia
8%
United States 56,298 Highland
8%
United States 56,028 Kingsport
8%
United States 91,951 Kirkland
8%
United States 58,175 Kokomo
8%
Dominican Republic 104,536 La Vega
8%
United States 69,995 Lehi
8%
United States 50,507 Littleton
8%
United States 93,375 Livonia
8%
United States 78,402 Loveland
8%
United States 52,208 Maricopa
8%
United States 72,477 Marysville
8%
United States 143,481 Metairie
8%
United States 54,861 Minnetonka
8%
United States 54,872 Normal
8%
United States 52,443 Oak Park
8%
United States 77,540 Pasco
8%
Dominican Republic 118,496 Puerto Plata
8%
United States 53,524 Rocky Mount
8%
United States 64,431 San Clemente
8%
Mexico 252,400 San Pablo de las Salinas
8%
United States 67,585 South San Francisco
8%
United States 109,843 The Woodlands
8%
Mexico 333,600 Villahermosa
8%
United States 76,591 Warner Robins
8%
United States 68,619 West Des Moines
8%
United States 67,790 Yuba City
8%
United States 88,755 Avondale
7%
United States 65,075 Bayonne
7%
United States 68,915 Bossier City
7%
United States 58,904 Bowie
7%
United States 81,676 Boynton Beach
7%
United States 67,144 Brentwood
7%
United States 62,942 Brentwood
7%
United States 81,486 Brooklyn Park
7%
United States 72,783 Broomfield
7%
United States 59,809 Caldwell
7%
United States 70,687 Castle Rock
7%
Mexico 57,300 Chiapa de Corzo
7%
Mexico 60,000 Ciudad Hidalgo
7%
United States 93,160 Conroe
7%
United States 58,243 Des Plaines
7%
United States 53,186 Edina
7%
United States 80,610 Folsom
7%
United States 73,917 Framingham
7%
United States 57,834 Grapevine
7%
United States 65,402 Harlingen
7%
United States 97,728 Hesperia
7%
United States 113,375 Jurupa Valley
7%
United States 66,351 Kenner
7%
Honduras 73,250 La Lima
7%
United States 57,029 Leesburg
7%
Costa Rica 63,081 Limón
7%
United States 64,170 Lorain
7%
United States 76,247 Mansfield
7%
Cuba 140,107 Matanzas
7%
United States 75,061 Missouri City
7%
United States 72,045 New Britain
7%
Canada 79,737 New Westminster
7%
United States 72,448 North Port
7%
United States 90,684 O'Fallon
7%
United States 91,563 Palm Coast
7%
United States 54,597 Palm Desert
7%
United States 58,578 Parker
7%
United States 69,816 Passaic
7%
Guatemala 180,706 Quetzaltenango
7%
United States 76,159 Rock Hill
7%
United States 70,278 Rogers
7%
Canada 97,711 Saint-Jean-sur-Richelieu
7%
United States 72,387 Schaumburg
7%
United States 66,215 Shawnee
7%
United States 62,088 Skokie
7%
United States 56,792 Southaven
7%
United States 79,013 South Jordan
7%
United States 94,808 Tracy
7%
United States 66,393 Tulare
7%
Mexico 619,400 Tuxtla Gutiérrez
7%
United States 59,232 Vineland
7%
United States 101,200 Vista
7%
United States 62,173 Woodland
7%
United States 76,506 Wyoming
7%
Mexico 465,100 Xalapa-Enríquez
7%
United States 67,513 Yorba Linda
7%
United States 83,961 Alhambra
6%
United States 72,820 Ankeny
6%
United States 59,842 Apex
6%
United States 74,593 Arlington Heights
6%
Cuba 158,978 Bayamo
6%
United States 67,496 Blaine
6%
United States 59,234 Brookline
6%
United States 60,184 Casa Grande
6%
Mexico 190,800 Chetumal
6%
Mexico 196,800 Ciudad del Carmen
6%
United States 61,313 Commerce City
6%
United States 81,915 Deerfield Beach
6%
United States 67,097 Eagan
6%
United States 64,704 Eden Prairie
6%
United States 53,773 Elyria
6%
United States 164,314 Enterprise
6%
Canada 68,540 Granby
6%
Mexico 66,600 Guanajuato
6%
United States 86,215 Hawthorne
6%
United States 86,188 Largo
6%
United States 79,293 Layton
6%
United States 56,366 Lenexa
6%
United States 91,259 Livermore
6%
United States 69,235 Lodi
6%
United States 56,883 Midwest City
6%
Canada 98,817 Pickering
6%
Mexico 164,300 Piedras Negras
6%
United States 96,368 Plantation
6%
Canada 63,305 Port Coquitlam
6%
United States 66,820 Redondo Beach
6%
United States 104,108 Rialto
6%
United States 76,048 Rochester Hills
6%
United States 61,115 Sanford
6%
United States 88,965 San Leandro
6%
United States 75,945 San Ramon
6%
United States 56,738 Smyrna
6%
United States 53,599 Smyrna
6%
United States 98,837 South Fulton
6%
Jamaica 147,152 Spanish Town
6%
Canada 69,806 St. Albert
6%
United States 57,320 Taunton
6%
Mexico 401,200 Tepic
6%
United States 77,609 The Villages
6%
United States 88,712 Toms River
6%
United States 66,324 Wellington
6%
United States 63,127 West Hartford
6%
United States 55,263 West Haven
6%
United States 72,324 Weston
6%
United States 85,520 Whittier
6%
Mexico 1,251,300 Zapopan
6%
United States 59,709 Bartlett
5%
United States 77,726 Baytown
5%
Nicaragua 54,532 Bluefields
5%
United States 56,014 Blue Springs
5%
Haiti 465,019 Carrefour
5%
Trinidad and Tobago 83,516 Chaguanas
5%
United States 86,777 Chino Hills
5%
Mexico 149,600 Ciudad Acuña
5%
Mexico 348,200 Ciudad Obregón
5%
United States 85,279 Clifton
5%
United States 62,795 Coon Rapids
5%
United States 55,146 Dearborn Heights
5%
United States 71,646 Delray Beach
5%
United States 54,459 DeSoto
5%
United States 50,453 East Hartford
5%
United States 119,827 East Los Angeles
5%
United States 64,341 East Orange
5%
United States 62,826 Encinitas
5%
United States 80,829 Farmington Hills
5%
Cuba 53,847 Florida
5%
United States 83,567 Flower Mound
5%
United States 59,713 Gardena
5%
United States 63,096 Gilroy
5%
United States 60,812 Greenwood
5%
United States 64,907 Haverhill
5%
United States 86,621 Hemet
5%
United States 59,556 Hendersonville
5%
United States 84,946 Johns Creek
5%
United States 52,147 Kannapolis
5%
United States 54,931 Kettering
5%
United States 69,295 Lakeville
5%
United States 59,500 La Mesa
5%
Mexico 298,100 Los Mochis
5%
United States 67,456 Madera
5%
Mexico 156,600 Manzanillo
5%
Cuba 97,038 Manzanillo
5%
United States 74,063 Maple Grove
5%
Canada 91,222 Maple Ridge
5%
United States 96,691 Menifee
5%
United States 50,339 Mishawaka
5%
Cuba 57,652 Moa
5%
Mexico 238,900 Monclova
5%
Canada 89,496 Newmarket
5%
United States 61,687 Novi
5%
United States 62,361 Petaluma
5%
United States 71,983 Pflugerville
5%
United States 82,411 Pharr
5%
Cuba 142,967 Pinar del Río
5%
United States 83,232 Pleasanton
5%
United States 50,126 Portage
5%
United States 72,226 Redlands
5%
United States 54,105 Revere
5%
United States 71,365 Rocklin
5%
United States 59,751 Royal Oak
5%
Canada 78,747 Saint-Jérôme
5%
Guatemala 65,275 Salamá
5%
El Salvador 66,004 San Martín
5%
Mexico 79,100 San Martín Texmelucan
5%
United States 52,279 Stratford
5%
United States 54,198 Summerville
5%
Canada 117,615 Terrebonne
5%
United States 57,538 Tigard
5%
United States 58,347 Towson
5%
United States 77,810 Upland
5%
Mexico 54,500 Valladolid
5%
United States 70,569 Walnut Creek
5%
United States 62,954 Waltham
5%
Canada 55,666 Welland
5%
United States 58,530 West Allis
5%
United States 52,914 Wheaton
5%
United States 50,459 Wheaton
5%
Canada 136,594 Whitby
5%
United States 73,404 Woodbury
5%
United States 56,973 Apopka
4%
United States 58,888 Arcadia
4%
United States 165,383 Bayamón
4%
United States 76,627 Bellflower
4%
United States 76,468 Bolingbrook
4%
United States 60,872 Bonita Springs
4%
Canada 89,392 Brossard
4%
United States 61,461 Burnsville
4%
United States 69,685 Camarillo
4%
United States 140,072 Carolina
4%
United States 55,826 Cathedral City
4%
United States 55,624 Chicopee
4%
United States 88,890 Citrus Heights
4%
Mexico 235,600 Coatzacoalcos
4%
United States 53,622 Delano
4%
United States 66,970 Doral
4%
United States 58,088 Euless
4%
United States 50,750 Florissant
4%
Haiti 324,043 Gonaïves
4%
United States 58,280 Hanford
4%
United States 59,260 Huntersville
4%
Haiti 170,289 Jacmel
4%
Canada 80,516 Kawartha Lakes
4%
United States 74,631 Kendall
4%
United States 51,930 Kentwood
4%
Honduras 195,780 La Ceiba
4%
United States 87,345 Lake Forest
4%
Dominican Republic 224,882 La Romana
4%
Cuba 168,645 Las Tunas
4%
United States 69,916 Lynwood
4%
United States 60,860 Malden
4%
Mexico 92,100 Mante
4%
United States 86,064 Manteca
4%
United States 62,579 Mayagüez
4%
United States 59,398 Meriden
4%
United States 53,672 Milford
4%
United States 80,486 Milpitas
4%
Canada 57,500 Mirabel
4%
Mexico 1,213,200 Nezahualcóyotl
4%
United States 66,321 Noblesville
4%
United States 54,555 Oak Lawn
4%
United States 57,634 Orland Park
4%
Mexico 260,900 Pachuca
4%
United States 67,143 Palatine
4%
United States 53,676 Peabody
4%
United States 82,181 Perris
4%
United States 52,066 Perth Amboy
4%
United States 61,204 Port Charlotte
4%
Jamaica 182,153 Portmore
4%
Canada 85,676 Repentigny
4%
United States 60,335 Reston
4%
Canada 122,173 Saanich
4%
Canada 56,810 Saint-Hyacinthe
4%
Haiti 242,485 Saint-Marc
4%
Mexico 174,800 Salamanca
4%
United States 67,969 Sammamish
4%
United States 50,403 San Jacinto
4%
United States 58,407 Santee
4%
United States 58,422 Shoreline
4%
United States 73,034 Southfield
4%
United States 93,645 South Gate
4%
United States 107,855 Spring Hill
4%
United States 199,722 Spring Valley
4%
United States 59,195 St. Clair Shores
4%
United States 192,934 Sunrise Manor
4%
United States 55,446 Tinley Park
4%
United States 74,892 Turlock
4%
United States 79,539 Tustin
4%
Mexico 286,300 Uruapan
4%
United States 74,587 Waldorf
4%
United States 54,178 Watsonville
4%
United States 81,324 Westland
4%
United States 53,226 West New York
4%
Canada 74,149 Wood Buffalo
4%
United States 52,031 Aliso Viejo
3%
United States 50,192 Azusa
3%
United States 75,267 Baldwin Park
3%
United States 53,803 Berwyn
3%
Canada 60,695 Blainville
3%
United States 55,219 Brookhaven
3%
United States 81,679 Buena Park
3%
Mexico 217,900 Buenavista
3%
United States 53,138 Burien
3%
United States 74,980 Caguas
3%
Canada 75,969 Caledon
3%
United States 83,007 Cedar Park
3%
Mexico 355,000 Celaya
3%
United States 51,174 Cerritos
3%
Mexico 206,600 Chilpancingo
3%
Canada 100,562 Clarington
3%
Guatemala 212,047 Cobán
3%
United States 63,849 Coconut Creek
3%
United States 52,166 Collierville
3%
United States 55,079 Colton
3%
Mexico 136,100 Delicias
3%
Haiti 359,451 Delmas
3%
United States 55,785 Diamond Bar
3%
United States 62,768 Dundalk
3%
United States 72,247 Ellicott City
3%
Honduras 118,740 El Progreso
3%
Nicaragua 108,138 Estelí
3%
United States 55,064 Fountain Valley
3%
United States 69,813 Glen Burnie
3%
United States 52,244 Glendora
3%
Mexico 130,600 Guaymas
3%
Canada 64,290 Halton Hills
3%
United States 105,147 Highlands Ranch
3%
United States 50,465 Hoffman Estates
3%
Guatemala 117,818 Huehuetenango
3%
United States 57,723 Huntington Park
3%
Mexico 404,700 Irapuato
3%
United States 50,427 Irondequoit
3%
United States 55,386 Lacey
3%
United States 68,008 Laguna Niguel
3%
United States 63,375 La Habra
3%
United States 72,701 Lake Elsinore
3%
United States 72,934 Lauderhill
3%
United States 68,147 Leander
3%
United States 51,726 Levittown
3%
United States 51,539 Levittown
3%
United States 50,055 Marana
3%
Mexico 66,600 Martínez de la Torre
3%
Nicaragua 132,059 Masaya
3%
Mexico 166,700 Minatitlán
3%
Guatemala 463,019 Mixco
3%
United States 62,012 Montebello
3%
Cuba 53,551 Morón
3%
United States 53,218 Mount Prospect
3%
United States 61,653 National City
3%
Mexico 998,000 Naucalpan
3%
United States 71,924 North Richland Hills
3%
United States 55,191 Novato
3%
United States 57,890 Palm Beach Gardens
3%
Haiti 342,694 Pétion-Ville
3%
United States 53,768 Pinellas Park
3%
United States 50,915 Plainfield
3%
United States 60,070 Porterville
3%
United States 67,494 Port Orange
3%
Mexico 197,500 Poza Rica
3%
Mexico 71,300 Puerto Peñasco
3%
United States 77,055 Rancho Cordova
3%
United States 67,711 Rowlett
3%
Mexico 65,500 San Andrés Tuxtla
3%
Cuba 108,127 Sancti Spíritus
3%
Mexico 184,400 San Luis Río Colorado
3%
Mexico 299,500 Santa Catarina
3%
Guatemala 58,877 Santa Lucía Cotzumalguapa
3%
Canada 103,507 Strathcona County
3%
United States 67,278 Tamarac
3%
Mexico 222,100 Tapachula
3%
United States 59,560 Taylorsville
3%
Mexico 273,600 Tehuacán
3%
Mexico 632,200 Tlaquepaque
3%
United States 57,280 Tonawanda
3%
Guatemala 426,316 Villa Nueva
3%
Honduras 75,150 Villanueva
3%
United States 54,483 West Sacramento
3%
United States 53,781 Wylie
3%
United States 54,302 Yucaipa
3%
Mexico 154,400 Zamora
3%
Mexico 91,200 Agua Prieta
2%
United States 55,492 Aloha
2%
United States 50,290 Ashburn
2%
Dominican Republic 63,055 Azua de Compostela
2%
Dominican Republic 72,466 Baní
2%
Mexico 103,000 Cárdenas
2%
Cuba 80,832 Cárdenas
2%
United States 50,426 Catalina Foothills
2%
United States 75,452 Centreville
2%
United States 74,026 Cheektowaga
2%
Mexico 752,200 Chimalhuacán
2%
Nicaragua 112,727 Chinandega
2%
Honduras 95,110 Choluteca
2%
Cuba 119,394 Ciego de Ávila
2%
Mexico 572,900 Ciudad Apodaca
2%
Mexico 215,600 Ciudad Madero
2%
Honduras 108,850 Comayagua
2%
United States 68,390 Eastvale
2%
Nicaragua 51,019 El Viejo
2%
Mexico 61,900 Emiliano Zapata
2%
Guatemala 156,313 Escuintla
2%
Mexico 132,200 Fresnillo
2%
Mexico 139,000 García
2%
Mexico 286,100 Gómez Palacio
2%
Canada 50,119 Haldimand County
2%
United States 53,187 Herriman
2%
Dominican Republic 147,978 Higüey
2%
Guatemala 159,840 Jalapa
2%
Haiti 122,149 Jérémie
2%
Guatemala 145,880 Jutiapa
2%
United States 54,624 Kyle
2%
Panama 118,521 La Chorrera
2%
United States 119,205 Lehigh Acres
2%
France 53,491 Les Abymes
2%
United States 57,112 Little Elm
2%
United States 59,368 Margate
2%
Nicaragua 108,052 Matagalpa
2%
El Salvador 140,751 Mejicanos
2%
United States 51,422 Methuen Town
2%
United States 62,072 Millcreek
2%
United States 60,079 Monterey Park
2%
United States 50,394 Ocoee
2%
Mexico 126,500 Orizaba
2%
Guatemala 62,095 Palín
2%
United States 61,995 Palm Harbor
2%
United States 54,039 Paramount
2%
Mexico 116,800 Parral
2%
United States 62,286 Pico Rivera
2%
United States 51,193 Placentia
2%
Haiti 185,494 Port-de-Paix
2%
Guatemala 100,593 Puerto Barrios
2%
Nicaragua 77,871 Puerto Cabezas
2%
United States 91,190 Riverview
2%
Mexico 76,400 Rosarito
2%
United States 54,186 Rosemead
2%
Haiti 136,876 Saint-Michel-de-l'Atalaye
2%
Panama 315,019 San Miguelito
2%
Mexico 463,100 San Nicolás de los Garza
2%
United States 93,230 San Tan Valley
2%
El Salvador 108,840 Santa Tecla
2%
United States 50,052 Severn
2%
Mexico 299,600 Soledad de Graciano Sánchez
2%
El Salvador 241,403 Soyapango
2%
United States 55,036 Stonecrest
2%
Mexico 70,600 Tecate
2%
Mexico 708,900 Tlalnepantla
2%
Mexico 463,400 Tonalá
2%
El Salvador 51,496 Usulután
2%
United States 59,379 Weymouth Town
2%
Mexico 417,900 Xico
2%
Guatemala 60,370 Zacapa
2%
El Salvador 63,981 Ahuachapán
1%
United States 88,542 Alafaya
1%
Mexico 68,900 Altamira
1%
Guatemala 98,176 Amatitlán
1%
El Salvador 131,286 Apopa
1%
United States 100,548 Arden-Arcade
1%
Panama 96,676 Arraiján
1%
United States 52,807 Aspen Hill
1%
United States 79,019 Atascocita
1%
Mexico 87,300 Atlixco
1%
Dominican Republic 67,117 Bajos de Haina
1%
Dominican Republic 75,827 Boca Chica
1%
Dominican Republic 68,602 Bonao
1%
Mexico 68,100 Caborca
1%
United States 64,785 Carmichael
1%
United States 69,615 Casas Adobes
1%
United States 63,288 Castro Valley
1%
Honduras 58,850 Catacamas
1%
Mexico 208,200 Chalco de Díaz Covarrubias
1%
Guatemala 71,394 Chichicastenango
1%
Mexico 195,600 Chicoloapan de Juárez
1%
Guatemala 96,985 Chimaltenango
1%
Guatemala 111,505 Chiquimula
1%
Honduras 196,110 Choloma
1%
Mexico 97,000 Cholula
1%
Haiti 241,055 Cité Soleil
1%
Mexico 560,500 Ciudad López Mateos
1%
Mexico 340,300 Ciudad Nicolás Romero
1%
Nicaragua 118,834 Ciudad Sandino
1%
Mexico 136,900 Ciudad Valles
1%
Mexico 307,800 Coacalco
1%
Mexico 75,300 Colonia del Sol
1%
Mexico 61,500 Colonia Santa Teresa
1%
Mexico 115,500 Comitán
1%
Haiti 227,012 Croix-des-Bouquets
1%
Mexico 136,000 Cuauhtémoc
1%
Mexico 137,500 Cuautitlán
1%
Mexico 542,700 Cuautitlán Izcalli
1%
Mexico 166,800 Cuautla
1%
United States 73,545 Dale City
1%
Honduras 73,860 Danlí
1%
El Salvador 112,161 Delgado
1%
Haiti 165,424 Dessalines
1%
United States 59,833 Fountainebleau
1%
Mexico 427,700 General Escobedo
1%
Mexico 69,200 Guamúchil
1%
Mexico 79,500 Guasave
1%
United States 69,697 Guaynabo
1%
United States 54,970 Hacienda Heights
1%
Haiti 109,916 Hinche
1%
Mexico 122,600 Iguala
1%
El Salvador 103,862 Ilopango
1%
Mexico 389,400 Ixtapaluca
1%
Haiti 134,969 Jean-Rabel
1%
Nicaragua 54,633 Jinotega
1%
Mexico 177,400 Jiutepec
1%
Nicaragua 52,596 Juigalpa
1%
Honduras 67,870 Juticalpa
1%
Mexico 108,200 Kanasín
1%
United States 58,395 Kendale Lakes
1%
Mexico 80,300 Lázaro Cárdenas
1%
Haiti 181,709 Léogâne
1%
Mexico 92,300 Lerdo
1%
Haiti 77,574 Limbé
1%
Mexico 73,400 Linares
1%
Dominican Republic 245,269 Los Alcarrizos
1%
Haiti 67,933 Marigot
1%
Mexico 86,200 Matehuala
1%
Jamaica 61,548 May Pen
1%
Guatemala 77,431 Mazatenango
1%
Haiti 88,899 Mirebalais
1%
Dominican Republic 65,445 Moca
1%
Mexico 132,200 Navojoa
1%
United States 50,262 North Bethesda
1%
Mexico 64,100 Nuevo Casas Grandes
1%
Mexico 50,000 Ocosingo
1%
Mexico 348,500 Ojo de Agua
1%
Haiti 96,515 Ouanaminthe
1%
Panama 103,960 Pacora
1%
Mexico 50,700 Palenque
1%
Cuba 76,179 Palma Soriano
1%
Haiti 157,296 Petit-Goâve
1%
United States 75,575 Pine Hills
1%
United States 67,169 Poinciana
1%
Honduras 67,620 Puerto Cortés
1%
Mexico 85,900 Ramos Arizpe
1%
Guatemala 90,505 Retalhuleu
1%
Mexico 110,300 Río Bravo
1%
United States 50,602 Rowland Heights
1%
Mexico 63,500 Sabinas
1%
Mexico 81,900 Salina Cruz
1%
Mexico 111,100 San Juan Bautista Tuxtepec
1%
Guatemala 155,965 San Juan Sacatepéquez
1%
Honduras 71,550 Siguatepeque
1%
Guatemala 88,612 Sololá
1%
United States 58,164 South Hill
1%
United States 60,096 South Whittier
1%
United States 57,514 Tamiami
1%
Mexico 51,400 Taxco
1%
United States 60,473 The Hammocks
1%
Nicaragua 137,519 Tipitapa
1%
Mexico 52,800 Tizimín
1%
Honduras 57,730 Tocoa
1%
Panama 113,174 Tocumen
1%
Guatemala 103,952 Totonicapán
1%
United States 85,620 Town 'n' Country
1%
Mexico 105,100 Tulancingo
1%
Mexico 94,200 Tuxpan
1%
Haiti 131,693 Verrettes
1%
Mexico 145,400 Villa de Álvarez
1%
United States 55,046 Wesley Chapel
1%
Mexico 68,800 Zihuatanejo
1%
Mexico 56,300 Acámbaro
0%
Haiti 50,844 Acul-du-Nord
0%
Mexico 95,100 Amozoc de Mota
0%
Haiti 56,890 Anse-à-Galets
0%
Mexico 102,900 Apatzingán
0%
Haiti 94,773 Aquin
0%
Mexico 55,800 Arandas
0%
Haiti 118,501 Arcahaie
0%
Haiti 78,896 Bainet
0%
Haiti 57,697 Bassin-Bleu
0%
Haiti 78,765 Belladère
0%
Haiti 69,071 Belle-Anse
0%
Haiti 60,860 Borgne
0%
Haiti 50,952 Boucan-Carré
0%
Haiti 62,063 Cabaret
0%
Mexico 83,200 Cadereyta Jiménez
0%
Mexico 51,000 Centro Familiar la Soledad
0%
Haiti 51,410 Cerca-la-Source
0%
Mexico 52,100 Chiautempan
0%
Guatemala 104,972 Chinautla
0%
Mexico 106,300 Ciudad Guzmán
0%
Mexico 57,500 Coatepec
0%
United States 96,145 Comn
0%
Haiti 54,254 Cornillon
0%
Mexico 63,800 Cortazar
0%
El Salvador 66,400 Cuscatancingo
0%
Mexico 61,900 Dolores Hidalgo
0%
Mexico 101,200 El Pueblito
0%
Mexico 62,700 El Refugio
0%
United States 64,162 Florence-Graham
0%
Mexico 76,200 Frontera
0%
Mexico 75,700 Fuentes del Valle
0%
Haiti 56,869 Ganthier
0%
Haiti 124,135 Grand-Goâve
0%
Haiti 141,587 Gros-Morne
0%
Mexico 133,300 Hacienda Santa Fe
0%
Mexico 58,600 Huajuapan de León
0%
Mexico 59,100 Huamantla
0%
Mexico 63,400 Huauchinango
0%
Mexico 59,100 Jacona
0%
Mexico 78,800 Jardines de la Silla
0%
Mexico 78,300 Juchitán de Zaragoza
0%
Haiti 52,232 Kenscoff
0%
Mexico 110,300 Lagos de Moreno
0%
Mexico 89,200 La Piedad
0%
Panama 127,440 Las Cumbres
0%
Haiti 50,150 Limonade
0%
Haiti 53,602 Maïssade
0%
Nicaragua 53,971 Mateare
0%
Mexico 51,500 Melchor Ocampo
0%
Haiti 56,864 Miragoâne
0%
Mexico 52,800 Montemorelos
0%
Mexico 89,600 Ocotlán
0%
Mexico 56,200 Papantla
0%
Mexico 57,600 Pátzcuaro
0%
Guatemala 129,124 Petapa
0%
Haiti 155,272 Petite Rivière de l'Artibonite
0%
Haiti 63,278 Plaisance
0%
Mexico 59,000 Pórticos de San Antonio
0%
Mexico 53,900 Purísima del Rincón
0%
Mexico 58,400 Rioverde
0%
Mexico 70,300 Sahuayo
0%
Haiti 105,808 Saint-Louis-du-Nord
0%
Haiti 59,042 Saint-Louis-du-Sud
0%
Guatemala 67,327 San José Pinula
0%
Mexico 53,500 San Juan de los Lagos
0%
Mexico 78,100 San Mateo Atenco
0%
Mexico 68,400 San Miguel Zinacantepec
0%
Guatemala 70,982 Santa Catarina Pinula
0%
Guatemala 78,279 Santa Cruz del Quiché
0%
Mexico 74,400 Santa Cruz Xoxocotlán
0%
Mexico 76,700 Silao
0%
Mexico 97,300 Tecomán
0%
Mexico 109,100 Temixco
0%
Mexico 50,200 Teoloyucan
0%
Mexico 104,600 Tepatitlán
0%
Mexico 156,400 Tepexpan
0%
Mexico 100,100 Tesistán
0%
Mexico 117,000 Texcoco de Mora
0%
Mexico 55,400 Teziutlán
0%
Haiti 57,496 Thomassique
0%
Haiti 56,274 Thomonde
0%
Mexico 51,300 Tierra Blanca
0%
Mexico 53,900 Tizayuca
0%
Mexico 55,200 Tlapa de Comonfort
0%
El Salvador 78,158 Tonacatepeque
0%
Haiti 69,189 Torbeck
0%
Mexico 70,800 Tultepec
0%
Mexico 54,600 Uriangato
0%
Mexico 53,700 Valle Hermoso
0%
Guatemala 124,680 Villa Canales
0%
Panama 55,114 Vista Alegre
0%
Mexico 52,900 Zacapu
0%
Mexico 81,600 Zitácuaro
0%
No matching quizzes found
Score Distribution
Percent of People with Each Score
Percentile by Number Answered
Your Score History
You have not taken this quiz